000 00705nam a2200265Ia 4500
003 OSt
005 20220912151742.0
006 a|||||r|||| 00| 0
007 ta
008 220909b |||||||| |||| 00| 0 eng d
024 _a19539
037 _cTextual
040 _aCSL
_beng
_cCSL
041 _aeng
082 _aB:(R1), L52
100 _aKueker D W Ed.
245 0 _aInfinitary logic: In memoriam carol karp
260 _aBerlin
_bSpringer-Verlag
_c1975
300 _a206p.
_ccm.
490 _aLecture Notes in Mathematics; 492
650 _a Model theory
650 _aInfinity language
942 _hB:(R1), L52
_cTEXL
_2CC
999 _c74559
_d74559